000 01375cam a22004334i 4500
003 PE-LiUPU
005 20250731172941.0
008 150623s r 000 0 d
035 _a(Sirsi) a21026
040 _aPE-LiUPU
_bspa
_cPE-LiUPU
_erda
082 0 4 _a220.7
_bAB1970
_221
100 1 _aDahood, Mitchell,
_eautor.
245 1 0 _aPsalms III :
_b101-150.
_n17A.
264 1 _aNew York :
_bDoubleday,
_c1970.
300 _a487 páginas ;
_c24 cm.
336 _atext
_2rdacontent
337 _aunmediated
_2rdamedia
338 _avolume
_2rdacarrier
490 0 _aThe Anchor Bible ;
_v17A
504 _aIncluye bibliografia.
505 0 _aPsalm 101 - 150.
526 _aSEG42
526 _aSEG41
526 _aSEG40
526 _aSEG39
526 _aP94
526 _aP87
526 _aP86
526 _aP85
526 _aP77
526 _aP76
526 _aP35
630 _aBiblia.
_pA.T.
_pSalmos 3
_xComentarios.
942 _2ddc
_cBOOK
949 _a220.7 AB 17A 1970
_wDEWEY
_c1
_i44556
_lCCODEBUL1
_mBUL
_p00.00
_r0
_sY
_tBOOK
_u2015-06-24
_xTEOLOGIA
_PP35
_0COMPRA
_o.STAFF. Colección General
596 _a1
999 _a220.7 AB 17A 1970
_wDEWEY
_c21441
_i44556
_d21441
_e2016-11-17
_f2021-11-9
_g5
_lCCODEBUL1
_mBUL
_n5
_q9
_r0
_sY
_tBOOK
_u2015-6-24
_xTEOLOGIA
_PP35
_0COMPRA
_o.STAFF. Colección General
980 _81
_gALBERTO SANCHEZ Responsable de Automatización